La educación en la utopía moderna siglo XIX.

Bewaard in:
Bibliografische gegevens
Hoofdauteur: Quintanilla, Susana (autor)
Formaat: Boek
Taal:Spaans
Reeks:(Biblioteca pedagógica ; no. 41)
Onderwerpen:
Tags: Voeg label toe
Geen labels, Wees de eerste die dit record labelt!

MARC

LEADER 00000cam^a2200000uu^4500
001 000479957
005 20250521000000.0
008 050901s1985^^^^^^^^^^^^rd^r^^000^0^spa^d
009 20260310124950.881
022 |a 968601179X 
035 |a FCE 000022964 
035 |a FCE 004143 
037 |a Acervo ITESO - Biblioteca 
041 |a spa 
082 0 4 |a 082.1  |b SECa 41 
100 |a Quintanilla, Susana  |e (autor) 
245 1 3 |a La educación en la utopía moderna siglo XIX. 
264 |a México :  |b SEP : El Caballito,  |c 1985. 
300 |a 156 p. 
336 |a texto  |b txt  |2 rdacontenido 
337 |a sin mediación  |b n  |2 rdamedio 
338 |a volumen  |b nc  |2 rdasoporte 
440 0 |a (Biblioteca pedagógica ;  |v no. 41) 
649 |a XX 
650 |a Socialismo 
650 |a Educación moral 
650 |a Educación integral 
650 |a Siglo diecinueve 
650 |a Pedagogía 
910 |a Fondo Centro de Estudios Educativos 
920 |a Impresos - Libros 
930 |a Fondos Especiales 
905 |a 133 
901 |a ALE004143  |b IT2  |c CEE  |u 20250521 
901 |a ALE045430  |b IT2  |c CEE  |u 20250521 
901 |a ALE045431  |b IT2  |c CEE  |u 20250521 
902 |a https://opac.biblio.iteso.mx/vufind/Record/000479957